000
00339 a2200157 4500
001
69106
020
_a
8506040019
040
_c
Anchieta - Itaigara
240
1
0
_a
Desastre na mata
_l
por
245
1
0
_a
Desastre na mata
300
_a
23
362
0
_a
2003
440
1
_a
Melhoramentos
650
4
_a
Literatura infanto-juvenil
942
_c
BK
999
_c
69106
_d
69106